LIBRARY & INFORMATION CENTRE, KCAET, TAVANUR

ONLINE PUBLIC ACCESS CATALOGUE (OPAC)

Fundamentals of water supply and sanitary engineering / (Record no. 11246)

MARC details
000 -LEADER
fixed length control field 00449cam a2200169ua 4500
041 ## - LANGUAGE CODE
Language code of text/sound track or separate title eng
082 ## - DEWEY DECIMAL CLASSIFICATION NUMBER
Classification number 628.01
Item number RAN/FU
100 ## - MAIN ENTRY--AUTHOR NAME
Personal name Rangwala, S C.
245 ## - TITLE STATEMENT
Title Fundamentals of water supply and sanitary engineering /
260 ## - PUBLICATION, DISTRIBUTION, ETC. (IMPRINT)
Place of publication Anand :
Name of publisher Charotar publishing house ,
Year of publication 1983.
300 ## - PHYSICAL DESCRIPTION
Number of Pages 688 ; .
942 ## - ADDED ENTRY ELEMENTS (KOHA)
Koha item type Books
Holdings
Withdrawn status Lost status Damaged status Home library Current library Date acquired Full call number Accession Number Koha item type
      KAUAET KAUAET 07/04/2012 628.01 14544 Books
Withdrawn     KAUAET KAUAET 07/04/2012 628.01 14545 Books
      KAUAET KAUAET 07/04/2012 628.01 14543 Books
free website counter